Das Exil im Exil
| Titel: | Das Exil im Exil / Hans Sahl |
|---|---|
| Verfasser: | |
| Ausgabe: | 3. Auflage |
| Veröffentlicht: | Frankfurt am Main : Luchterhand-Literatur-Verlag, 1990 |
| Umfang: | 228 Seiten : Illustrationen |
| Format: | Buch |
| Sprache: | Deutsch |
| Schriftenreihe/ mehrbändiges Werk: |
Memoiren eines Moralisten / Hans Sahl ; 2 alle Bände anzeigen
Veröffentlichungen der Deutschen Akademie für Sprache und Dichtung Darmstadt ; 63 |
| RVK-Notation: | |
| ISBN: | 3630800076 |
| Hinweise zum Inhalt: |
Klappentext
Inhaltsverzeichnis Cover Register Abstract |
alg: 2100990 001A $02028:14-07-92 001B $01999:26-11-25 $t14:51:04.000 001D $09999:99-99-99 001U $0utf8 001X $00 002@ $0AFuc 002C $aText $btxt $2rdacontent 002D $aohne Hilfsmittel zu benutzen $bn $2rdamedia 002E $aBand $bnc $2rdacarrier 003@ $0021009902 003O $022117994 $aOCoLC 004A $03-630-80007-6 007A $0021009902 $aHEB 007G $0DE004E9D629CD5AEEAF1EC12576EB00693F64 009P $qapplication/pdf $A2 $3Klappentext $uhttp://scans.hebis.de/HEBCGI/show.pl?02100990_kla.pdf $mV:DE-604 009P $qapplication/pdf $A2 $3Inhaltsverzeichnis $uhttp://scans.hebis.de/HEBCGI/show.pl?02100990_toc.pdf $mV:DE-603;B:DE-Mb50 009P $qapplication/pdf $A2 $3Cover $uhttp://scans.hebis.de/HEBCGI/show.pl?02100990_cov.pdf $mV:DE-603;B:DE-Mb50 009P $qapplication/pdf $A2 $3Register $uhttp://scans.hebis.de/HEBCGI/show.pl?02100990_idx.pdf $mV:DE-603;B:DE-Mb50 009P $qapplication/pdf $A2 $3Abstract $uhttp://scans.hebis.de/HEBCGI/show.pl?02100990_sum.pdf $mV:DE-603;B:DE-Mb50 010@ $ager 011@ $a1990 $n1990 013D $RAutobiografische Literatur $RBiografie $RErlebnisbericht $RQuelle $RTagebuch $#Autobiographies $#Autobiography $#Autobiographie $#Autobiografías $#Biographie $#Memoiren $#Autobiographie $#Autobiographisches Erzählen $#Autobiografisches Erzählen $#Erinnerungen Formschlagwort $#Lebenserinnerungen $#Memoiren $#Selbstbiographie $#Selbstbiografie $#Autobiographik $#Autobiografik $74003939-0 $8Autobiografie [Tsz] $9085002275 $y1933-1945 021A $aDas @Exil im Exil $hHans Sahl 028A $BVerfasser $RAlbrechtova, Melinda $RVelthusen, Ute $#Seidel, Hans $#Salomon, Hans $#Munk, Peter $#Floris, Frans $#Salpeter $4aut $7118750747 $8Sahl, Hans$Z1902-1993 [Tp1] $9087091445 032@ $a3. Auflage 033A $pFrankfurt am Main $nLuchterhand-Literatur-Verlag 034D $a228 Seiten 034M $aIllustrationen 036C $aMemoiren eines Moralisten $x12 $hHans Sahl $l2 036D $x12 $8Memoiren eines Moralisten / Hans Sahl $9012915262 036E $aVeröffentlichungen der Deutschen Akademie für Sprache und Dichtung Darmstadt $l63 036F $x263 $8Veröffentlichungen der Deutschen Akademie für Sprache und Dichtung Darmstadt, Darmstadt $9009807438 $l63 044K $RAlbrechtova, Melinda $RVelthusen, Ute $#Seidel, Hans $#Salomon, Hans $#Munk, Peter $#Floris, Frans $#Salpeter $7118750747 $8Sahl, Hans$Z1902-1993 [Tp1] $9087091445 044K $RBuch $RSchriftsteller $#Literature $#Littérature $#Letteratura $#Literatura $#literature $#Literature $#Literatur $#Literatur $#Belletristik $#Dichtung Literatur $#Schöne Literatur $#Sprachkunst $#Wortkunst $74035964-5 $8Literatur [Tsz] $9085097128 044K $RFaschismus $RDrittes Reich $#National socialism $#National-socialisme $#Nazionalsocialismo $#Nacionalsocialismo $#National Socialism $#Faschismus $#Nationalsozialismus $#NS $74041316-0 $8Nationalsozialismus [Tsz] $908511314X 044K $RAuswanderung $RVertreibung $#Escapes $#Évasions $#Flucht $#Flucht $#Entweichen Flucht $#Entfliehen $74017598-4 $8Flucht [Ts1] $9085041114 044K $#Prag $#Hlavni Město Praha $#Hauptstadt Prag $#Kraj Praha $#Bezirk Prag $#Praha $#Prague $#Praga $#Praag $#Boiemorum Casurgis $#Bojemorum Casurgis $#Casurgis $#Regia Boiemorum Casurgis $#Regia Bojemorum Casurgis $74076310-9 $8Prag [Tg1] $9085216283 044K $RAuswanderung $REinwanderung $RVerbannung $#Exile $#Exiles $#Exilés $#Exil $#Emigration $#Exil $#Exil $#Exilanten $#Emigration Exil $74015959-0 $8Exil [Ts1] $9085037370 045B $a833.914 $eDDC20oclc 045E $a53 $a63 045F $a306.094309043 $eDDC23BSB 045F/01 $a306.09 045F/03 $f09043 045F/03 $f09044 045F/03 $g43 045R $aGeschichte 1933-1945 045Z $8GM 5239 [Tkv] $9408427434 lok: 2100990 3 101B $017-07-06 $t11:48:33.000 101C $017-07-06 145S/06 $a720 101U $0utf8 exp: 2100990 3 1 #EPN 201B/01 $022-02-19 $t12:24:43.000 201C/01 $006-07-04 201U/01 $0utf8 203@/01 $0216425557 206W/01 $0032-01540401 208@/01 $a15-04-04 $brCh 209A/01 $a01/GM 5239 E96 (3) $du $f330 $h01 GM 5239 E96 / A 3 $x00 209B/01 $a4362 $x05 209B/01 $a4555u.1212 $x09 209C/01 $a032-326/91 209G/01 $a1004280336 $x00 247C/01 $8601330-2 <30/330>Frankfurt, Universitätsbibliothek J. C. Senckenberg, Bibliothekszentrum Geisteswissenschaften (BzG) $9102599378 lok: 2100990 24 exp: 2100990 24 1 #EPN 201B/01 $018-07-24 $t08:18:27.000 201C/01 $018-07-24 201U/01 $0utf8 203@/01 $01267455748 208@/01 $a18-07-24 $bz 209A/01 $a24.03758 $du $f050 $h24 03758 $x00 209C/01 $a24.03758 G $h24 03758 G 209G/01 $a74500552 $x00 220C/01 $awei 247C/01 $8358050-7Marburg, Bibliothek des Herder-Instituts Marburg $9102600961 lok: 2100990 25 101B $002-08-95 $t06:42:17.730 107F $0076241440 101U $0utf8 exp: 2100990 25 1 #EPN 201B/01 $024-07-24 $t12:04:24.000 201U/01 $0utf8 203@/01 $0076241459 208@/01 $a14-05-03 $br 209A/01 $aDL SAHL 1/1 $dd $f071 $x00 209C/01 $a90/348 $h90 348 209G/01 $a70610639 $x00 209G/01 $aAllgemeine und Vergleichende Literaturwissenschaft $x01 247C/01 $8651071-1 <77/071>Mainz, Universität Mainz, Bereichsbibliothek Philosophicum, Standort Allgemeine und Vergleichende Literaturwissenschaft $9102600201
| LEADER | 00000cam a2200000 cb4500 | ||
|---|---|---|---|
| 001 | 021009902 | ||
| 003 | DE-603 | ||
| 005 | 20251126145104.0 | ||
| 007 | tu | ||
| 008 | 920714s1990 xx |||| | u00||u|ger c | ||
| 020 | |a 3630800076 | ||
| 035 | |a (DE-599)HEB021009902 | ||
| 035 | |a (OCoLC)22117994 | ||
| 040 | |a DE-603 |b ger |c DE-603 |d DE-603 | ||
| 041 | |a ger | ||
| 082 | 0 | 4 | |8 1\u |a 306.094309043 |q DE-101 |2 23/BSB |
| 083 | 7 | |a 833.914 |2 20/oclc | |
| 084 | |a 53 |a 63 |q DE-101 |2 sdnb | ||
| 084 | |a GM 5239 |0 (DE-625)42271: |0 (DE-603)408427434 |2 rvk | ||
| 085 | |8 1\u |b 306.09 | ||
| 085 | |8 1\u |z 1 |s 09043 | ||
| 085 | |8 1\u |z 1 |s 09044 | ||
| 085 | |8 1\u |z 2 |s 43 | ||
| 100 | 1 | |a Sahl, Hans |d 1902-1993 |e Verfasser |4 aut |0 (DE-603)087091445 |0 (DE-588)118750747 |2 gnd | |
| 245 | 0 | 0 | |a Das Exil im Exil |c Hans Sahl |
| 250 | |a 3. Auflage | ||
| 264 | 1 | |a Frankfurt am Main |b Luchterhand-Literatur-Verlag |c 1990 | |
| 300 | |a 228 Seiten |b Illustrationen | ||
| 336 | |a Text |b txt |2 rdacontent | ||
| 337 | |a ohne Hilfsmittel zu benutzen |b n |2 rdamedia | ||
| 338 | |a Band |b nc |2 rdacarrier | ||
| 490 | 1 | |a Memoiren eines Moralisten / Hans Sahl |v 2 | |
| 490 | 1 | |a Veröffentlichungen der Deutschen Akademie für Sprache und Dichtung Darmstadt |v 63 | |
| 600 | 1 | 7 | |a Sahl, Hans |d 1902-1993 |0 (DE-588)118750747 |0 (DE-603)087091445 |2 gnd |
| 648 | 7 | |a Geschichte 1933-1945 |2 gnd | |
| 650 | 7 | |a Literatur |0 (DE-588)4035964-5 |0 (DE-603)085097128 |2 gnd | |
| 650 | 7 | |a Nationalsozialismus |0 (DE-588)4041316-0 |0 (DE-603)08511314X |2 gnd | |
| 650 | 7 | |a Flucht |0 (DE-588)4017598-4 |0 (DE-603)085041114 |2 gnd | |
| 650 | 7 | |a Exil |0 (DE-588)4015959-0 |0 (DE-603)085037370 |2 gnd | |
| 651 | 7 | |a Prag |0 (DE-588)4076310-9 |0 (DE-603)085216283 |2 gnd | |
| 655 | 7 | |a Autobiografie |y 1933-1945 |2 gnd-content |0 (DE-588)4003939-0 |0 (DE-603)085002275 | |
| 800 | 1 | |a Sahl, Hans |d 1902-1993 |t Memoiren eines Moralisten |v 2 |w (DE-603)012915262 |9 12 |7 am | |
| 810 | 2 | 2 | |a Deutsche Akademie für Sprache und Dichtung |t Veröffentlichungen der Deutschen Akademie für Sprache und Dichtung Darmstadt, Darmstadt |v 63 |w (DE-603)009807438 |w (DE-600)504305-0 |9 263 |7 as |
| 856 | 4 | 2 | |m V:DE-604 |q application/pdf |u http://scans.hebis.de/HEBCGI/show.pl?02100990_kla.pdf |3 Klappentext |
| 856 | 4 | 2 | |m V:DE-603;B:DE-Mb50 |q application/pdf |u http://scans.hebis.de/HEBCGI/show.pl?02100990_toc.pdf |3 Inhaltsverzeichnis |
| 856 | 4 | 2 | |m V:DE-603;B:DE-Mb50 |q application/pdf |u http://scans.hebis.de/HEBCGI/show.pl?02100990_cov.pdf |3 Cover |
| 856 | 4 | 2 | |m V:DE-603;B:DE-Mb50 |q application/pdf |u http://scans.hebis.de/HEBCGI/show.pl?02100990_idx.pdf |3 Register |
| 856 | 4 | 2 | |m V:DE-603;B:DE-Mb50 |q application/pdf |u http://scans.hebis.de/HEBCGI/show.pl?02100990_sum.pdf |3 Abstract |
| 924 | 0 | |9 30/330 |a (DE-603)216425557 |b DE-30-330 |c HES |d d |g 01/GM 5239 E96 (3) | |
| 924 | 0 | |9 Mb 50 |a (DE-603)1267455748 |b DE-Mb50 |c HES |d c |g 24.03758 | |
| 924 | 0 | |9 77/071 |a (DE-603)076241459 |b DE-77-071 |c HES |d d |g DL SAHL 1/1 | |
alle Bände anzeigen

